Statistics for Natural Disasters by picture

Click here to take the quiz!

General Stats

  • This quiz has been taken 197 times
    (175 since last reset)
  • The average score is 11 of 13

Answer Stats

Answer% Correct
Tsunami
98%
Hurricane / Cyclone
94%
Tornado
94%
Flood
86%
Volcanic Eruption
82%
Avalanche
81%
Drought
80%
Sand Storm
80%
Lightning
77%
Earthquake
76%
Blizzard
74%
Wildfire
71%
Sinkhole
70%

Score Distribution

Percentile by Number Answered

Percent of People with Each Score

Your Score History

You have not taken this quiz since the last reset